00468 2200193 4500001002100000005001500021035002000036245002500056100001400081250000600095300003100101856004500132260003900177082000800216084001400224600001000238990001300248990001300261INLIS00000000000160620250424083752 a0010-04250000221 aLuksado /cIwan Yusi0 aIwan Yusi a1 a114 hlm. :bIlust ;c21 cm aRuang Baca Umum No Klas 800 ( Rak 3,4,5) aJakarta :bPT. Dian Ariesta,c2002 a813 a813 IWA l 4aFiksi a03.20107 a03.20108